LEADER 00892nam0-2200289 --450 001 9910341250603321 005 20191016130828.0 010 $a978-88-97273-46-2 100 $a20191016d2019----kmuy0itay5050 ba 101 0 $aita 102 $aIT 105 $aa 001yd 200 1 $a<>angelo, il mago, la regina$eJohn Dee: scienza e misticismo nell'età elisabettiana$fGiusy Cardellicchio 210 $aNovi Ligure$cCittà del silenzio$d2019 215 $a133 p.$cill.$d23 cm 225 1 $a<>quaderni di Minerva$v3 610 $aDee, John <1527-1608> 676 $a942.055$v22$zita 676 $a133.092$v22$zita 700 1$aCardellicchio,$bGiusy$0767775 801 0$aIT$bUNINA$gREICAT$2UNIMARC 901 $aBK 912 $a9910341250603321 952 $a942.055 CAR 1$bbibl. 2019$fFLFBC 959 $aFLFBC 996 $aAngelo, il mago, la regina$91563466 997 $aUNINA LEADER 01602nas 2200397 n 450 001 990009078640403321 005 20240229084541.0 011 $a0301-3294 035 $a000907864 035 $aFED01000907864 035 $a(Aleph)000907864FED01 035 $a000907864 091 $2CNR$aP 00087797 100 $a20161109a19739999km-y0itaa50------ba 101 0 $ager 102 $aDE 110 $aauu-------- 200 1 $aZGL. Zeitschrift für germanistische Linguistik 207 1$a1973- 210 $aBerlin$cWalter de Gruyter 452 0$12001$aZeitschrift für germanistische Linguistik (Internet) 517 0 $aZeitschrift für germanistische Linguistik 530 0 $aZGL. Zeitschrift für germanistische Linguistik 675 $a80 675 $a803 675 $a83 801 0$aIT$bACNP$c20090723 859 4 $uhttp://acnp.cib.unibo.it/cgi-ser/start/it/cnr/dc-p1.tcl?catno=59077&person=false&language=ITALIANO&libr=&libr_th=unina1$zBiblioteche che possiedono il periodico 901 $aSE 912 $a990009078640403321 958 $aBRAU. Biblioteca di Ricerca di Area Umanistica$b1973-1982;$eGERMANIA 68$fFLFBC 959 $aFLFBC 996 $aZGL. Zeitschrift für germanistische Linguistik$9784672 997 $aUNINA AP1 8 $6866-01$aNA072 BRAU. Biblioteca di Ricerca di Area Umanistica$bGERMANIA 68$ePiazza Bellini 56/60, 80133 Napoli (NA)$m(081) 2533948$nit AP2 40$aacnp.cib.unibo.it$nACNP Italian Union Catalogue of Serials$uhttp://acnp.cib.unibo.it/cgi-ser/start/it/cnr/df-p.tcl?catno=59077&language=ITALIANO&libr=&person=&B=1&libr_th=unina&proposto=NO